000 00890nam a22002657a 4500
001 BR7101211
003 BR-BrBNA
005 20230928083738.0
007 ta
008 230509b bl.||||| |||| 00| 0 por d
040 _aBR-BrBNA
_bpor
_cBiblioteca Nacional de Agricultura
041 _a(Por)
072 _aM01
_b/G514
090 _ M01 BR7101211
100 1 _aGalvao, L.G.
110 1 _aAssociacao de Credito e Assistencia Pesqueira de Santa Catarina, Florianopolis (Brasil)
_9414
245 1 _aA pesca no estado de Santa Catarina [Brasil]
260 3 _aFlorianopolis, SC (Brasil):
_c1971.
300 _a115 p.
500 _a42 tables; 23 graphs. (*) Documento disponível na(o) Universidade Federal de Santa Catarina, Florianopolis (Brazil). Centro de Ciencias Agrarias
650 _aPESCA
650 _aSANTA CATARINA
909 _a202309
_bLucia
_c55
_dLucia Elande
942 _cBK
999 _c15041
_d15041